Statistics for Phoenix Suns Playoffs Starters

Click here to take the quiz!

General Stats

  • This quiz has been taken 162 times
    (15 since last reset)
  • The average score is 24 of 76

Answer Stats

Player% Correct
Devin Booker
100%
Kevin Durant
100%
Steve Nash
100%
Amar'e Stoudemire
93%
Bradley Beal
86%
Charles Barkley
86%
Chris Paul
86%
Deandre Ayton
86%
Dennis Johnson
86%
Joe Johnson
86%
Kevin Johnson
86%
Shawn Marion
86%
Mikal Bridges
79%
Shaquille O'Neal
64%
Walter Davis
64%
Hot Rod Williams
57%
Jason Kidd
57%
Jusuf Nurkić
57%
Scott Williams
57%
Tom Chambers
57%
Grayson Allen
50%
Jae Crowder
50%
Dan Majerle
43%
James Jones
43%
Josh Okogie
43%
Penny Hardaway
43%
Stephon Marbury
43%
A.C. Green
36%
Alvan Adams
36%
Clifford Robinson
36%
Grant Hill
36%
Jeff Hornacek
36%
Mark West
36%
Paul Westphal
36%
Truck Robinson
36%
Gail Goodrich
21%
Jason Richardson
21%
Kurt Thomas
21%
Quentin Richardson
21%
Dick Van Arsdale
14%
Gar Heard
14%
Larry Nance
14%
Paul Silas
14%
Raja Bell
14%
Antonio McDyess
7%
Boris Diaw
7%
Cedric Ceballos
7%
Connie Hawkins
7%
Jake Tsakalidis
7%
Jarron Collins
7%
Mario Elie
7%
Maurice Lucas
7%
Rex Chapman
7%
Tom Gugliotta
7%
Wesley Person
7%
Xavier McDaniel
7%
Andrew Lang
0%
Charles Pittman
0%
Curtis Perry
0%
Don Buse
0%
George McCloud
0%
James Edwards
0%
Jay Humphries
0%
Jeff Cook
0%
Jim Fox
0%
Joe Kleine
0%
Kurt Rambis
0%
Kyle Macy
0%
Luc Longley
0%
Mike Sanders
0%
Richard Dumas
0%
Rich Kelley
0%
Ricky Sobers
0%
Tim Perry
0%
Tyrone Corbin
0%
Wayman Tisdale
0%

Score Distribution

Percentile by Number Answered

Percent of People with Each Score

Your Score History

You have not taken this quiz since the last reset